000 00572nam a2200193Ia 4500
005 20250508165944.0
008 008 250505s9999 xx 000 0 eng d
037 _aTheses
040 _aFEDL
_beng
_cFEDL
041 _aeng
_2eng
084 _a306.8, RAV/TH
_qFEDL
100 _aRavneet Kaur
245 0 _aConstructions of childhood: exploring the personal and socio- cultural contours
260 _c2017
300 _axii, 213p.
546 _aPh.D Thesis (Delhi University); C D Included
942 _cTH
_h306.8, RAV/TH
999 _c1398405
_d1398405